000 00355 a2200169 4500
001 160801
020 _a85-16-00252-7
040 _cMagnum
100 _aBandeira, Pedro
240 1 0 _aPântano de sangue
_lpor
245 1 0 _aPântano de sangue
300 _a135
362 0 _a1993
440 1 _aModerna
697 _aLITERATURA JUVENIL
942 _cBK
999 _c160801
_d160801